Statistics for Biggest Coutries by Population by Second Letter

Click here to take the quiz!

General Stats

  • This quiz has been taken 55 times
  • The average score is 13 of 22

Answer Stats

LetterPopulationCountry% Correct
N1 324 670 000India
94%
H1 387 840 000China
92%
U146 837 301Russia
84%
R208 338 000Brazil
80%
E123 675 351Mexico
76%
A209 772 000Pakistan
72%
I193 392 500Nigeria
68%
G96 117 100Egypt
60%
T94 352 000Ethiopia
60%
P46 528 966Spain
60%
L41 697 498Algeria
56%
O56 717 000South Africa
56%
Y53 370 609Myanmar
54%
Z32 345 000Uzbekistan
54%
F29 724 323Afghanistan
52%
Q1 222 442Equatorial Guinea
46%
J956 985Djibouti
42%
K42 434 767Ukraine
42%
C16 633 600Ecuador
40%
W11 809 300Rwanda
40%
S8 779 880Israel
26%
V24 294 750Ivory Coast
18%

Score Distribution

Percentile by Number Answered

Percent of People with Each Score

Your Score History

You have not taken this quiz